| 000 | 00523nam a2200193 i 4500 | ||
|---|---|---|---|
| 001 | 60008 | ||
| 003 | ES-MaACL | ||
| 007 | t| | ||
| 008 | 031031s1953 sp ||||1| spa d | ||
| 100 | 1 |
_aErmita, Felipe. _947413 |
|
| 245 | 1 | 0 |
_aPuesta de largo / _cFelipe Ermita. |
| 250 | _a[2ª ed.]. | ||
| 260 |
_aBarcelona : _bMoreno, _c[1953] ( _fClarasó) |
||
| 300 |
_a318 p. ; _c21 cm. |
||
| 490 | 1 |
_aPino de oro ; _v1 |
|
| 830 | 0 |
_aPino de oro ; _v1 _9230540 |
|
| 852 |
_aES-MaACL _jC-7817 _bR.35097 |
||
| 999 |
_c60008 _d60008 |
||